000
00289nam a22001337a 4500
008
170503b xxu||||| |||| 00| 0 eng d
020
_a
9781593456108
041
_a
eng
080
_2
3 ED
_a
34
100
_a
13
101
_a
SHJ
245
_a
ETHICS POLICE
_c
CRANK.J.P
942
_2
udc
_c
BK
999
_c
12495
_d
12495